000 00710nam a2200289Ia 4500
005 20260324122909.0
008 008 260324s9999 xx 000 0 eng d
020 _a9780429111624
037 _aEBOOK
040 _aCRL
040 _beng
040 _cCRL
041 _2eng
041 _aeng
084 _qCRL
100 _aRonald Ross Watson; Victor R. Preedy; Barrie Tan
_91168248
245 0 _aTocotrienols
245 0 _bVitamin E Beyond Tocopherols, Second Edition
260 _bTaylor and Francis
260 _c2012
365 _a
365 _b400
856 _uhttp://www.taylorfrancis.com/books/9780429111624
942 _cEBOOK
999 _c1761315
_d1761315